Michael Jordan stats quiz - Statistics

General Stats
  • This quiz has been taken 1,054 times
  • The average score is 5 of 7
Answer Stats
Hint Answer % Correct
Rings 6
99%
Dpys 1
98%
Mvps 5
97%
All star appearances 14
93%
Ppg 30.3
45%
Apg 5.3
42%
Rpg 6.3
41%
No matching quizzes found
Score Distribution
Percent of People with Each Score
Percentile by Number Answered
Your Score History
You have not taken this quiz